Tržní nájemné a co s ním souvisí.
Byt je predmet dlhodobej spotreby, platby za jeho užívanie sú predovšetkým determinované touto jeho vlastnosťou. Na výšku nájomného majú vplyv náklady spojené s užívaním bytu, polohová renta, vzťah dopytu a ponuky na trhu bytov. Reálnou súčasťou nájomného by mal byť aj kapitálový výnos, ktorý závisí...
Saved in:
| Main Author: | |
|---|---|
| Format: | Book Chapter |
| Language: | Czech |
| Subjects: | |
| Tags: |
No Tags, Be the first to tag this record!
|
MARC
| LEADER | 00000naa a2200000 4500 | ||
|---|---|---|---|
| 001 | r009530 | ||
| 005 | 20220831090259.6 | ||
| 041 | 0 | |a cze | |
| 044 | |a [CS] | ||
| 245 | 1 | 0 | |a Tržní nájemné a co s ním souvisí. |c M. Plachký |
| 520 | |a Byt je predmet dlhodobej spotreby, platby za jeho užívanie sú predovšetkým determinované touto jeho vlastnosťou. Na výšku nájomného majú vplyv náklady spojené s užívaním bytu, polohová renta, vzťah dopytu a ponuky na trhu bytov. Reálnou súčasťou nájomného by mal byť aj kapitálový výnos, ktorý závisí od pomerov na kapitálovom trhu, t.j. od úrokovej miery. Možno očakávať významný pohyb nájomného smerom hore. | ||
| 610 | 2 | 0 | |a byty |
| 610 | 2 | 0 | |a nájomné |
| 610 | 2 | 0 | |a predmety spotreby dlhodobej |
| 610 | 2 | 0 | |a náklady |
| 610 | 2 | 0 | |a trh kapitálový |
| 610 | 2 | 0 | |a miera úroková |
| 100 | 1 | |a Plachký, M. | |